00629 2200241 4500001002100000005001500021035002000036007000300056008004100059082001100100084001700111100002100128245003200149250000600181260005400187300002900241650001000270700002000280520002400300600001200324856002800336990002300364INLIS00000000000665320230911102910 a0010-0923000037ta230911 0 ind  a328:34 a328:34 MAS p1 aMAS'OED, Mochtar1 aPerbandingan Sistem Politik a- aYogjakarta :bGadjah Mada University Press,c1978 a235p. :bilus ;c22,5 cm 4aTeori0 aColin MacAnrews aKoleksi Antiquariat 4aPolitik aPerpustakaan BSIP Jatim a355/BSIPJATIM/2023